| 000 -LEADER |
| fixed length control field |
00917nam a22001457a 4500 |
| 008 - FIXED-LENGTH DATA ELEMENTS--GENERAL INFORMATION |
| fixed length control field |
220321b ||||| |||| 00| 0 eng d |
| 100 ## - MAIN ENTRY--PERSONAL NAME |
| Personal name |
Shivay, Y.S. and Singh, Teekam |
| 245 ## - TITLE STATEMENT |
| Title |
Pradhan Mantri Awaas Yojana- Towards affordable housing |
| 260 ## - PUBLICATION, DISTRIBUTION, ETC. (IMPRINT) |
| Place of publication, distribution, etc |
Kurukshetra |
| 300 ## - PHYSICAL DESCRIPTION |
| Extent |
70(1), Nov, 2021: p.39-45 |
| 520 ## - SUMMARY, ETC. |
| Summary, etc |
Rural housing has been one of the top priority areas for the current government. The government has brought in Pradhan Mantri Awaas Yojana Gramin, which is a revoked version of an earlier schema in terms of design, fund flow mechanism, quality, and other implementation actives. PMAY-G is expected to have strong forward linkage with other sectors in the economy , the impact on employment and employment and output can be through direct as well as indirect channels to strengthen the rural economy. – Reproduced |
| 773 ## - HOST ITEM ENTRY |
| Main entry heading |
Kurukshetra |
| 906 ## - LOCAL DATA ELEMENT F, LDF (RLIN) |
| Subject DIP |
HOUSING |
| 942 ## - ADDED ENTRY ELEMENTS (KOHA) |
| Item type |
Articles |